02078cam a22003375a 45000010009000000050017000090080041000260100017000670200015000840200018000990400033001170420008001500820017001582450068001752500012002432600046002553000048003015000024003495040031003735050849004045200150012535900011014036500034014146500036014486510010014846530025014947000034015199420021015539990017015749520149015911783400520161102112613.0130801s2014 nyuab frb 001 0 eng d a 2013030691 a0199965625 a9780199965625 aDLCbengcDLCdDLCdEG-ScBUE apcc04222a327bWOR00aWorld politics in a new era /cSteven L. Spiegel ... [et al.].  a6th ed. aOxford :bOxford University Press,c2015. axxviii, 564 p. :bill., col. maps ;c23 cm. aIndex : p. 546-564. aBibliography : p. 502-512. aMaps ; Special Features ; Preface ; pt. 1. FOUNDATIONS OF WORLD POLITICS: CHAPTER 1: World Politics: complexity and competing processes -- CHAPTER 2: Theory and World Politics -- CHAPTER 3: World Politics and Economics: 1648-1945 -- CHAPTER 4: World Politics and Economics: The Cold War -- CHAPTER 5: Imperialism and Its Survivors -- CHAPTER 6: Globalization and Fragmentation in a New World Order: 1991 to the Present -- pt. 2. THE MAJOR ISSUES IN WORLD POLITICS: CHAPTER 7: Security Theory in Practice -- CHAPTER 8: Contemporary Security Issues -- CHAPTER 9: World Politics: Trade and Investment -- CHAPTER 10: World Politics: Development -- CHAPTER 11: Human Issues: Demographic Trends -- CHAPTER 12: Resource Issues -- CHAPTER 13: Global Governance: International Law and International Organization -- CHAPTER 14: World Politics in Context. aThis primary text for the introductory course in international relations follows a progression of history first, issues second and theory third.  aWessam 7aWorld politics.2BUEsh911141 7aEconomic history.2BUEsh936878 2BUEsh bBUSBOLcNovember20161 aSpiegel, Steven L.‏ 941647 2ddce22k327 WOR c22981d22953 00102ddc40708BaccahaMAINbMAINc1STd2016-11-01ePurchaseg756.00h3634l1o327 WORp000034234r2025-07-15 00:00:00s2017-12-11v945.00yBB